00957cam a2200265 45000010005000000030008000050050017000130080039000300200015000690350018000840400032001020410011001340820018001452450161001632500022003242600050003463000035003964900078004315000042005095040020005516500017005717000024005887000054006127000025006667717BD-RjUL20211208234449.0140115s1969 enka 001 0 eng a0080118577 a(BD-RjUL)7761 aDLCcDLCdDLCdBD-RjULbeng1 aengdut00a510bHAN 196910aHandbook of mathematics /cEdited by L. Kuipers and R. Timman. With contributions from J. W. Cohen [and others] English translation edited by I. N. Sneddon. a[1st English ed.] aOxford ;aNew York :bPergamon Press ,cc1969 axi, 782 p. :billus. ;c24 cm.0 aInternational series of monographs in pure and applied mathematics, v. 99 aTranslation of Handboek der wiskunde. aIncludes index. 0aMathematics.1 aKuipers, Lauwerens.1 aTimman, R.q(Reinier),d1917-1975,ejoint author.1 aCohen, Jacob Willem.